1013 1033 1200 1613 1595 1929 1286 1222 1610 1975 1360 1851 1054 1551 1479 1669 1780 1256 1534 1420 1129 1376 1607 1092 1900 1283 1463 1005 1029 1481 1169 1001 1852 1929 1127 1514 1698 1672 1489 1520 1832 1649 1939 1812 1211 1477 1441 1329 1737 1678 1607 1120 1083 1609 1557 1962 1933 1682 1265 1839 1786 1857 1794 1520 1445 1395 1390 1357 1307 1045 1094 1251 1618 1897 1428 1358 1050 1440 1401 1375 1158 1898 1285 1022 1219 1455 1075 1340 1641 1575 1971 1282 1148 1866 1683 1395 1010 1389 1547 BCNSPRNW ULIB Ver.6.0+V

เปลี่ยนเป็นภาษาไทย

Change to English
 แสดงรายละเอียดบรรณานุกรม
  กลับหน้าหลัก

Brief Record : Get Marc (ISO 2709) : E-mail record : QR code < ปิดหน้าต่าง
LEADER : 00000nam 2200000uu 4500
001    13399114476
003     ULIB
008    120404s2553||||th 000 0 tha d
020    ^a9786117059230
090    ^aนว.^bก181ร 2553
100 0  ^aกรวรินทร์
245 00 ^aร้อยเล่ห์เสน่หา/^cกรวรินทร์
250    ^aพิมพ์ครั้งที่ 1
260    ^aกรุงเทพฯ :^bivy,^c2553
300    ^a380 หน้า
710 1  ^aivy
945    ^p260^l0^i17083
995    ^aกัณชพร
999    ^aใช้งานได้ทุกระบบ
รายการนี้ยังไม่มีแท็ก
คุณยังไม่ได้ล็อกอิน คุณสามารถมีกิจกรรมร่วมกับเว็บไซต์ได้ แต่ต้องล็อกอินก่อน ::
  ล็อกอิน

รายการสื่อสารสนเทศ

ลำดับที่ ประเภท เลขเรียก/บาร์โค้ด สถานที่ สถานะ
1. นวนิยาย
นวนิยาย
นว. ก181ร 2553  
  Barcode: 17083
ห้องสมุดวิทยาเขตสวรรค์ประชารักษ์
►นวนิยาย
บนชั้น
  ขอยืม

BibComment


ยังไม่เคยถูกคอมเมนท์

คอมเมนท์ทรัพยากรรายการนี้
  คอมเมนท์: ร้อยเล่ห์เสน่หา ..


 Copyright 2026. Bcnsprnw @Library